| 000 | 00349cam a2200145ua 4500 | ||
|---|---|---|---|
| 041 |
_aeng _h |
||
| 082 |
_a415 _bFIT/CO |
||
| 100 | _aFitikides, T.J . | ||
| 245 |
_aCommon mistakes in English / _cT.J Fitikides. _hTextual Documents |
||
| 260 |
_aLondon : _bLongman , _c1962. |
||
| 300 | _a154 ; . | ||
| 504 | _a | ||
| 942 | _cBK | ||
| 999 |
_c4873 _d4873 |
||